000 00834nas a2200253 4500
001 BR0000828
003 BR-BrBNA
005 20231205101743.0
007 ta
008 230509b bl.|||p| |||| 00| 00por d
040 _aBR-BrBNA
_bpor
_cBiblioteca Nacional de Agricultura
041 _a(Pt)
072 _aL53
100 1 _aNascimento, E.F. do
100 1 _aNascimento, J.K.F. do
100 1 _aSilva Filho, J.M. da S.
245 1 _aEfeito do diluente minima contaminacao sobre a fertilidade do semen suino resfriado a 16 e 5 graus e armazenado por 24 horas
650 _aSUÍNO
650 _aSemen
650 _aFertilidade
773 0 _tRevista Brasileira de Reproducao Animal (Brazil)
_xISSN 0102-0803
_g(Jul-Sep 1999), v. 23(3) p. 285-287
_wBR0000828
909 _a202311
_bLúcia
_c55
_dLúcia Elande
942 _2AGRIS
_n0
_cANA
999 _c163675
_d163675